000
00350nam a2200157Ia 4500
003
0STCL
008
150530s9999 xx 000 0 und d
040
_a
STCL
_c
STCL
100
_a
Wilson, W.P.
245
_a
Treatise on dynamics
260
_b
Macmillan
_c
1850
546
_a
English
942
_2
ddc
_c
BK
999
_c
24613
_d
24613
005
20220125170019.0